00798nam a2200229 a 450000100100000000500170001000800410002702000150006804000250008308200130010810000290012124000280015024500810017825000110025926000340027030000210030450000420032559000260036770000410039395201170043499900170055100002271020200930021743.0101116s1976 sp 000 0 spa d a8402005225 aDO-SdBNPbspacBNPHU axxxbxxx1 aLartéguy, Jean,94667710aLe Mal JaunelEspañol13aLa amarilla nostalgia /cJean Larteguy; traducción Miguel Giménez Sales. a3a ed. aBarcelona :bBruguera,c1976. a446 p. ;c18 cm. aIncluye notas al pie de las páginas aInventariado, 2019/BT1 aGiménez Sales, Miguel,etr.946678 001054708MOaGRbGRcHDd2010-11-16iLF1l0oxxx xxxp22710-10r2020-06-25w2020-06-25y4ZPréstamo en sala c22207d22207